|
|
|
|
| LEADER |
01459nam a2200277 a 4500 |
| 001 |
3195528 |
| 003 |
BD-DhAAL |
| 005 |
20250714160550.0 |
| 008 |
091205s1979 paua b 001 0 eng d |
| 010 |
|
|
|a 77084666
|
| 020 |
|
|
|a 0721619886
|
| 040 |
|
|
|a DLC
|c DLC
|d DLC
|d BD-DhAAL
|
| 082 |
0 |
0 |
|a 574.5
|2 19
|
| 100 |
1 |
|
|a Brewer, Richard.
|9 58754
|
| 245 |
1 |
0 |
|a Principles of ecology /
|c Richard Brewer.
|
| 260 |
|
|
|a Philadelphia :
|b Saunders,
|c 1979.
|
| 300 |
|
|
|a vi, 299 pages :
|b illustrations ;
|c 24 cm.
|
| 504 |
|
|
|a Includes bibliographies and index.
|
| 526 |
|
|
|x Fardousi Ara Begum
Assistant Professor
Department of Mathematics and Natural Sciences
Course name and no.: N/A
|
| 541 |
1 |
|
|a Essence science publications
|e 00019607
|
| 650 |
|
0 |
|a Ecology.
|
| 852 |
4 |
|
|a Ayesha Abed Library
|j General Shelf.
|
| 942 |
|
|
|2 ddc
|c BK
|
| 999 |
|
|
|c 6008
|d 6008
|
| 952 |
|
|
|0 0
|1 0
|2 ddc
|4 0
|6 574_500000000000000_BRE_1979
|7 0
|9 5993
|a BRACUL
|b BRACUL
|c GEN
|d 2009-12-07
|e Essence Science Publications
|g 4071.00
|l 0
|o 574.5 BRE
|p 3010019607
|r 2009-12-07
|t 1
|w 2009-12-07
|y BK
|x Requisitioned by Fardousi Ara Begum, Assistant Professor, Department of MNS. Course name and no. "not available"
|
| 952 |
|
|
|0 0
|1 0
|2 ddc
|4 0
|6 574_500000000000000_BRE_1979
|7 0
|9 6075
|a BRACUL
|b BRACUL
|c GEN
|d 2009-12-07
|e Essence Science Publications
|g 4071.00
|l 0
|o 574.5 BRE
|p 3010019606
|r 2009-12-14
|t 2
|w 2009-12-14
|y BK
|x Requisitioned by Fardousi Ara Begum, Assistant Professor, Department of MNS. Course name and no. "not available"
|